000 00406nam a2200169Ia 4500
008 230524s9999 xx 000 0 und d
020 _a9788190738682
082 _a577.22
_bMIS
100 _aRamakanta Mishra
_942005
245 0 _aNature And Wildlife
250 _a1
260 _aBBSR
_bMagnum Printers
300 _a467p;
500 _aQuantity Number: 1
650 _aEnvironmental
942 _cBK
999 _c56417
_d56417